| 000 | 00357nam a22001337a 4500 | ||
|---|---|---|---|
| 020 | _a0-07-054170-1 | ||
| 082 | _a620.1623 ROZ'C | ||
| 100 |
_aROZENFELD, I. L _974415 |
||
| 245 | _aCORROSION INHIBITORS | ||
| 260 |
_aNEWYORK _bMCGRAW HILL _c1981 |
||
| 300 | _a327P | ||
| 650 |
_aCORROSION AND ANTI-CORROSION METALS PROTECTION-CORROSION _974416 |
||
| 942 | _cBK | ||
| 999 |
_c579948 _d579948 |
||